000 01098nam a2200217 i 4500
001 151429
003 ES-MaACL
005 20250719062535.0
008 050822s1885 sw |||| | fre d
100 2 _aAlmquist, Gustav Fridolf,
_d1814-1866
_9125621
245 1 0 _aRésumé historique de la réforme pénitentiaire en Suède
_b: depuis le commencement du XIX siècle /
_cpar G.-Fr. Almquist.
260 _aStockholm :
_bKongl. Boktryckeriet,
_c1885.
300 _a70 p. ;
_c23 cm.
650 4 _aEstablecimientos penitenciarios-
_zSuecia.
_9143334
650 4 _aDerecho penal-
_zSuecia.
_9139194
852 _aES-MaACL
_jD-85(6)
_9156886
_bR.FOLL.5/6
_cSVI
_dOlim: 193-C-19
_fSello en tinta en portada: "Donativo del Sr. Lastres al Ateneo de Madrid 1907"
_gAnotación manuscrita en portada: "Folletos penitenciarios. Tomo 9."
_hDonación: Francisco Lastres y Juiz
_xEncuadernado con otras obras formando un volumen facticio
903 _aLastres y Juiz, Francisco,
_d1848-1918
_q1
_ednr
_970504
942 _2udc
_cMONANT
999 _c151429
_d151429